01165cam a22003255i 450000100090000000300040000900500170001300800410003001000170007102000300008802000180011804000230013604200080015905000210016708200220018810000420021024500590025225000190031126400630033030000290039333600260042233700280044833800270047650400670050365000180057090600450058894200500063395201390068399900170082218775467OSt20230904115019.0150909s2016 enk f b 001 0 eng  a 2015951527 a9780199676828 (paperback) a9780192858788 aDLCbengerdacDLC apcc00aHB139b.D69 2016 a330.015195bDOU/I1 aDougherty, Christophereauthor.9941210aIntroduction to econometrics /cChristopher Dougherty. aFifth edition. 1aOxford ;aNew York, NY :bOxford University Press,c[2016] axvii, 590 pages ;c25 cm atextbtxt2rdacontent aunmediatedbn2rdamedia avolumebnc2rdacarrier aIncludes bibliographical references (pages 577-580) and index. 0aEconometrics. a7bcbccorigresd2encipf20gy-gencatlg 2ddccBKh330.015195iDOU/Ik330.015195mDOU/I 00102ddc40708ECONOMICSaMESbMEScECO d2023-09-04l0o330.015195 DOU/Ip42317r2023-09-04 11:51:06v875.00w2023-09-04yBKzGL2R2 c42094d42094